Central Library OPAC University of Rajshahi

Technologies and transactions : (Record no. 67469)

MARC details
000 -LEADER
fixed length control field 00658nam a2200205 a 4500
001 - CONTROL NUMBER
control field 67469
003 - CONTROL NUMBER IDENTIFIER
rucl marc code BD-RjUL
005 - DATE AND TIME OF LATEST TRANSACTION
control field 20211209081647.0
008 - FIXED-LENGTH DATA ELEMENTS--GENERAL INFORMATION
fixed length control field 170325s1992 bg |||| |||| 000 0 eng d
035 ## - SYSTEM CONTROL NUMBER
System control number (BD-RjUL)67600
040 ## - CATALOGING SOURCE
Original cataloging agency BD-RjUL
Language of cataloging eng
Transcribing agency BD-RjUL
Modifying agency BD-RjUL
041 ## - LANGUAGE CODE
Language code of text/sound track or separate title eng
082 ## - DEWEY DECIMAL CLASSIFICATION NUMBER
Edition number 23
Classification number 630.95492
Author mark and year LET 1991
100 1# - MAIN ENTRY--PERSONAL NAME
Personal name Lewis, David J
9 (RLIN) 199921
245 ## - TITLE STATEMENT
Title Technologies and transactions :
Remainder of title a study of the interaction between new technology and agrarian structure in Bangladesh /
Statement of responsibility, etc. David J Lewis
260 ## - PUBLICATION, DISTRIBUTION, ETC. (IMPRINT)
Place of publication, distribution, etc. Dhaka :
Name of publisher, distributor, etc. CSS Publ.,
Date of publication, distribution, etc. 1992
300 ## - PHYSICAL DESCRIPTION
Pagination iv, 429 p. ;
Size 25 cm.
650 ## - SUBJECT ADDED ENTRY--TOPICAL TERM
Topical term or geographic name as entry element Agriculture
Geographic subdivision Bangladesh
9 (RLIN) 199922
942 ## - ADDED ENTRY ELEMENTS (KOHA)
Source of classification or shelving scheme Dewey Decimal Classification
Koha item type Books
Holdings
Lost status Source of classification or shelving scheme Damaged status Not for loan Collection code Permanent Location Current Location Shelving location Date acquired Source of acquisition Cost, normal purchase price Total Checkouts Full call number Date last seen Copy number Koha item type
  Dewey Decimal Classification   Not For Loan Non-fiction Central Library, University of Rajshahi Central Library, University of Rajshahi Reading Room 23/09/1993 N/A 0.00   630.95492 LET 1991 25/03/2017 C-1 Books